Statistics for Cities Starting with D in Chinese Pinyin

Click here to take the quiz!

General Stats

  • This quiz has been taken 15 times
  • The average score is 9 of 11

Answer Stats

HintAnswer% Correct
Dá Lā SīDallas
100%
Dá Kā ĚrDakar
93%
Dū Bó LínDublin
93%
Duō Lún DuōToronto
93%
Dà Mǎ Shì GéDamascus
86%
Dé LǐDelhi
86%
Dí BàiDubai
86%
Dí Lí Bō LǐTripoli
71%
Dǐ Tè LǜDetroit
64%
Dá KǎDhaka
64%
Dé Hēi LánTehran
57%

Score Distribution

Percentile by Number Answered

Percent of People with Each Score

Your Score History

You have not taken this quiz